000 01760cam a2200421 a 4500
001 11832891
005 20260420080403.0
008 990909s1999 ii l 001 0 eng
010 _a 99938383
020 _a8187141190
020 _a9788187141198
025 _aI-E-99-938383; 76-13
035 _a11832891
035 _a(DLC) 99938383
037 _bLibrary of Congress -- New Delhi Field Office
_cRs795.00
040 _aDLC
_cDLC
_dDLC
042 _alcode
043 _aa-ii---
082 _a346.0436 LAH-2
100 1 _aLahiri, S.M.
245 1 0 _aS.M. Lahiri's the Transfer of Property Act (Act IV of 1882) /
_cS.M. Lahiri and P.M. Bakshi
250 _a11th ed.
260 _aNew Delhi :
_bIndia Law House,
_c1999.
300 _accxvi, 1072 p. ;
_c25 cm.
365 _bRs. 995
500 _aIncludes index.
505 _a• Chapter I Preliminary • Chapter II: Of Transfers of Property By Act of Parties; • Chapter III Of Sales of Immovable Property • Chapter IV Of Mortgages of Immovable Property and Charges; • Chapter V Of Leases of Immovable Property; • Chapter VI Of Exchanges • Chapter VII Of Gifts • Chapter VIII Of Transfers of Actionable Claims • Appendix A • Appendix B • Appendix C
650 0 _aVendors and purchasers
_zIndia.
650 0 _aLand titles
_xRegistration and transfer
_zIndia.
650 0 _aTransfer (Law)
_zIndia.
650 0 _aMortgages
_zIndia.
700 1 _aBakshi, P.M.
710 2 _aIndia.
_tTransfer of Proverty Act, 1882.
_f1999.
906 _a7
_bcbc
_corigode
_d2
_encip
_f19
_gy-gencatlg
942 _2ddc
_cBK
999 _c17524
_d17524